Normale Ansicht MARC-Ansicht ISBD

Über die bürgerlichen Verhältnisse der Juden in Preußen : (Titelsatznr. 25471)

[ MARC ]
MARC-Details
000 -Satzkennung
Kontrollfeld mit fester Länge 00667nam a22002171c 4500
001 - Kontrollnummer
Kontrollfeld ht017636510
008 - Feld mit fester Länge zur physischen Beschreibung - Allgemeine Angaben
Kontrollfeld mit fester Länge 131111s2014 gw |||| 000u ger d
020 ## - Internationale Standardbuchnummer
Internationale Standardbuchnummer 9783110305623
Verknüpfung 978-3-11-030562-3
041 ## - Sprachcode
Sprachcode des Textes/der Tonspur oder des separaten Titels ger
040 ## - Katalogisierungsquelle
Übertragungsstelle RU-10907106
003 - Kontrollnummer Identifier
Kontrollfeld RU-10907106
100 1# - Haupteintragung - Personenname
Personenname Schulte, Marion
245 00 - Titel
Titel Über die bürgerlichen Verhältnisse der Juden in Preußen :
Zusatz zum Titel Ziele und Motive der Reformzeit (1787 - 1812) /
Verfasserangabe etc. Marion Schulte
264 ## - Produktion, Veröffentlichung, Distribution, Herstellung und Urheberrechtsvermerk
Herstellungs-, Veröffentlichungs- Vertriebs-, Erzeugungsort Berlin [u.a.] :
Produzent, Herausgeber, Distributor, Hersteller De Gruyter,
Datum der Herstellung, der Veröffentlichung, des Vertriebs oder des Urheberschutzvermerks 2014
300 ## - Physische Beschreibung
Umfang 400 S.
490 #0 - Gesamttitelangabe
Gesamttitelangabe Europäisch-jüdische Studien : Beiträge
Bandnummer/Folgebezeichnung 11
650 #0 - Nebeneintragung unter einem Schlagwort - Sachschlagwort
Sachschlagwort oder geografischer Name als Eintragungselement Preußen
650 #0 - Nebeneintragung unter einem Schlagwort - Sachschlagwort
Sachschlagwort oder geografischer Name als Eintragungselement Juden
650 #0 - Nebeneintragung unter einem Schlagwort - Sachschlagwort
Sachschlagwort oder geografischer Name als Eintragungselement Geschichte 1787-1812
942 ## - Zusätzliche Felder (Koha)
Koha-Medientyp Monographien
Exemplare
Ausgeschieden Verloren Klassifikation oder Aufstellungssystematik Beschädigt Nicht entleihbar Heimatbibliothek Aufenthaltsbibliothek Aufstellungsort Erwerbungsdatum Inventarnummer Signatur Barcode Letzte Aktivität Preis gültig von Koha-Medientyp
    Andere/Generische Klassifikation     MWN Osteuropa MWN Osteuropa Lesesaal - 1 11/11/2013 14-00928 D 41 o Juden 3 E0040150790EA3B7 23/02/2021 22/03/2021 Monographien